Los encofrados deslizantes... / (Record no. 56637)

MARC details
000 -LEADER
campo de control de longitud fija 00539nam a2200169 i 4500
001 - NÚMERO DE CONTROL
campo de control 56637
003 - IDENTIFICADOR DE NÚMERO DE CONTROL
campo de control ES-MaACL
005 - FECHA Y HORA DE LA ÚLTIMA TRANSACCIÓN
campo de control 20230906163421.0
007 - CAMPO FIJO DE DESCRIPCIÓN FÍSICA--INFORMACIÓN GENERAL
campo de control de longitud fija t|
008 - DATOS DE LONGITUD FIJA--INFORMACIÓN GENERAL
campo de control de longitud fija 031010s1973 sp ||||1| spa d
245 04 - MENCIÓN DEL TÍTULO
Título Los encofrados deslizantes... /
Mención de responsabilidad, etc. Tudor Dinescu ... [et al.] ; traducido por Luis Casas López Amor.
260 ## - PUBLICACIÓN, DISTRIBUCIÓN, ETC.
Lugar de publicación, distribución, etc. Madrid :
Nombre del editor, distribuidor, etc. Espasa-Calpe,
Fecha de publicación, distribución, etc. 1973.
300 ## - DESCRIPCIÓN FÍSICA
Extensión 496 p., 3 lám. :
Otras características físicas il. ;
Dimensiones 23 cm.
700 1# - ENTRADA AGREGADA--NOMBRE PERSONAL
Nombre de persona Dinescu, Tudor.
9 (RLIN) 44834
700 1# - ENTRADA AGREGADA--NOMBRE PERSONAL
Nombre de persona Casas López Amor, Luis.
9 (RLIN) 36226
852 ## - LOCALIZACIÓN
Ubicación ES-MaACL
Número de control de estantería C-54311
Sublocalización o colección R.87198
Holdings
Estatus retirado Estado de pérdida Estado de daño No para préstamo Biblioteca de origen Biblioteca actual Ubicación en estantería Fecha de adquisición Fuente de adquisición Total de préstamos Signatura topográfica completa Código de barras Visto por última vez Precio de reemplazo Tipo de ítem Koha
        Biblioteca del Ateneo de Madrid Biblioteca del Ateneo de Madrid Depósito 2 17/01/2008     C-54311 1059478 23/02/2023 23/02/2023 Libro impreso